00839cam 22002651 45000010009000000050017000090080041000260350021000679060045000880100017001330350018001500400027001680500015001950820008002101000029002182450061002472600050003083000024003585040031003826500025004136500026004389850021004649910056004850990032005411028496519980421193710.0721220s1958 ilu b 000 0 eng  9(DLC) 58005162 a7bcbccoclcrplduencipf19gy-gencatlg a 58005162  a(OCoLC)522303 aDLCcODaWUdOCoLCdDLC00aQ175b.P82 a5011 aPolanyi, Michael,d1891-10aPersonal knowledge;btowards a post-critical philosophy. aChicago,bUniversity of Chicago Pressc[1958] axiv, 428 p.c25 cm. aBibliographical footnotes. 0aSciencexPhilosophy. 0aKnowledge, Theory of. eOCLC REPLACEMENT bc-GenCollhQ175i.P82p00004501524tCopy 1wOCLCREP apolanyi-personal-1072037250